[Event "Madrid ch 2019-2020"]
[Site "Madrid ESP"]
[Date "2020.07.18"]
[Round "1.1"]
[White "Almagro Llamas, Pablo"]
[Black "Perez Gonzalez, Jose Manuel"]
[Result "1/2-1/2"]
[WhiteElo "2443"]
[BlackElo "2177"]
[PlyCount "98"]
[EventDate "2020.07.18"]
[EventType "swiss"]
[EventRounds "9"]
[EventCountry "ESP"]
[SourceTitle "Ajedrez en Madrid"]
[Source "lmi"]
[SourceDate "2020.07.18"]
[SourceVersion "1"]
[SourceVersionDate "2020.09.10"]
[SourceQuality "1"]

1. e4 c5 2. Nf3 g6 3. c3 Bg7 4. d4 cxd4 5. cxd4 d5 6. exd5 Nf6 7. Nc3 Nxd5 8.
Bb5+ Bd7 9. Bc4 Nb6 10. Bb3 O-O 11. O-O Bg4 12. d5 N8d7 13. h3 Bxf3 14. Qxf3
Ne5 15. Qe2 Rc8 16. Bg5 Re8 17. Rad1 Qd7 18. Rfe1 Nec4 19. Rd3 Nxb2 20. Qxb2
Qf5 21. Qd2 Rxc3 22. Rxc3 Bxc3 23. Qxc3 Qxg5 24. d6 e6 25. Qc7 Rc8 26. Qxb7 Qd2
27. Rf1 Qxd6 28. Qxa7 Nd5 29. Rd1 Rc5 30. Qa8+ Kg7 31. Qa4 Qe5 32. Qd4 Qxd4 33.
Rxd4 Kf6 34. Rd1 g5 35. Kf1 Nf4 36. Ra1 h5 37. a4 Ra5 38. Bd1 h4 39. g3 hxg3
40. fxg3 Nd5 41. Bb3 Ke5 42. Ke2 Kd4 43. Bxd5 exd5 44. Kf3 Kc3 45. h4 gxh4 46.
gxh4 Kb2 47. Rd1 Rxa4 48. Rxd5 Rxh4 49. Rf5 Rh7 1/2-1/2

[Event "Madrid ch 2019-2020"]
[Site "Madrid ESP"]
[Date "2020.07.18"]
[Round "1.2"]
[White "Garcia Dorado, Alberto"]
[Black "Moreno Ruiz, Javier"]
[Result "0-1"]
[WhiteElo "2175"]
[BlackElo "2436"]
[PlyCount "72"]
[EventDate "2020.07.18"]
[EventType "swiss"]
[EventRounds "9"]
[EventCountry "ESP"]
[SourceTitle "Ajedrez en Madrid"]
[Source "lmi"]
[SourceDate "2020.07.18"]
[SourceVersion "1"]
[SourceVersionDate "2020.09.10"]
[SourceQuality "1"]

1. d4 d5 2. c4 dxc4 3. e4 Nc6 4. Nf3 Bg4 5. d5 Ne5 6. Bf4 Ng6 7. Be3 Nf6 8. Nc3
e5 9. Be2 a6 10. a4 Bb4 11. Nd2 Bd7 12. Bxc4 Ng4 13. O-O O-O 14. Nf3 Nxe3 15.
fxe3 Qe7 16. Qe2 h6 17. Rf2 Kh8 18. Nd2 Rae8 19. Raf1 f6 20. Bb3 Kh7 21. Kh1
Rd8 22. Nc4 Bxc3 23. bxc3 Qc5 24. Qd3 c6 25. Nd2 cxd5 26. exd5 f5 27. Bc2 Kh8
28. e4 f4 29. Qc4 Qa5 30. Qb3 b5 31. axb5 axb5 32. c4 bxc4 33. Nxc4 Qc5 34. Bd3
Qd4 35. Qc2 Rc8 36. Qe2 f3 0-1

[Event "Madrid ch 2019-2020"]
[Site "Madrid ESP"]
[Date "2020.07.18"]
[Round "1.3"]
[White "Martin Duque, Jesus"]
[Black "Torres Boch, Jose F"]
[Result "1/2-1/2"]
[WhiteElo "2421"]
[BlackElo "2150"]
[PlyCount "104"]
[EventDate "2020.07.18"]
[EventType "swiss"]
[EventRounds "9"]
[EventCountry "ESP"]
[SourceTitle "Ajedrez en Madrid"]
[Source "lmi"]
[SourceDate "2020.07.18"]
[SourceVersion "1"]
[SourceVersionDate "2020.09.10"]
[SourceQuality "1"]

1. e4 c5 2. Nf3 d6 3. Nc3 Nf6 4. e5 dxe5 5. Nxe5 a6 6. g3 Qc7 7. d4 cxd4 8.
Qxd4 Nc6 9. Nxc6 Qxc6 10. Bg5 e6 11. O-O-O Be7 12. Ne4 Qxe4 13. Bxf6 Qxd4 14.
Bxd4 f6 15. f4 Bd7 16. Bh3 Rc8 17. Rhe1 Bc5 18. Bxe6 Bxe6 19. f5 Kf7 20. fxe6+
Kg6 21. Bxc5 Rxc5 22. Rd7 b5 23. Rd6 a5 24. a3 Re8 25. Ra6 a4 26. c3 h5 27. Rb6
Kf5 28. Kc2 Kg4 29. Rb7 g5 30. Rf7 Re5 31. Rxe5 fxe5 32. e7 Kh3 33. Rh7 Kxh2
34. Rxh5+ Kxg3 35. Rxg5+ Kf4 36. Rg7 Ke3 37. c4 bxc4 38. Kc3 e4 39. Kxc4 Kd2
40. Rg2+ Ke3 41. Kb4 Rxe7 42. Kxa4 Kd4 43. b4 e3 44. Rg1 e2 45. Re1 Kc3 46. Ka5
Kd2 47. Rxe2+ Rxe2 48. b5 Kc3 49. b6 Rb2 50. Ka6 Kc4 51. b7 Rxb7 52. Kxb7 Kb3
1/2-1/2

[Event "Madrid ch 2019-2020"]
[Site "Madrid ESP"]
[Date "2020.07.18"]
[Round "1.4"]
[White "Guillo Longares, Cecilia"]
[Black "Martinez Reyes, Pedro Ramon"]
[Result "0-1"]
[WhiteElo "2114"]
[BlackElo "2416"]
[PlyCount "66"]
[EventDate "2020.07.18"]
[EventType "swiss"]
[EventRounds "9"]
[EventCountry "ESP"]
[SourceTitle "Ajedrez en Madrid"]
[Source "lmi"]
[SourceDate "2020.07.18"]
[SourceVersion "1"]
[SourceVersionDate "2020.09.10"]
[SourceQuality "1"]

1. d4 Nf6 2. c4 g6 3. Nf3 Bg7 4. g3 c5 5. d5 Qa5+ 6. Bd2 Qa6 7. Qc2 d6 8. e4
O-O 9. Nc3 Bg4 10. Ng1 Re8 11. Nb5 Qb6 12. Bg2 Na6 13. a3 Bd7 14. Nc3 Nc7 15.
Nf3 Qa6 16. Bf4 Nh5 17. Be3 Qxc4 18. Bf1 Bxc3+ 19. bxc3 Qa4 20. Qb1 Bb5 21. Nd2
Bxf1 22. Rxf1 Nb5 23. Qb2 Nf6 24. c4 Nd4 25. Bxd4 cxd4 26. Qxd4 b5 27. Qd3 bxc4
28. Nxc4 Rec8 29. Ne3 Nxe4 30. Nd1 Rc2 31. Rb1 Nc5 32. Qe3 Qc4 33. Nb2 Qa2 0-1

[Event "Madrid ch 2019-2020"]
[Site "Madrid ESP"]
[Date "2020.07.18"]
[Round "1.5"]
[White "Quispe Arteaga, Gabriel"]
[Black "Rodriguez Polo, Mateo"]
[Result "1-0"]
[WhiteElo "2397"]
[BlackElo "2077"]
[PlyCount "113"]
[EventDate "2020.07.18"]
[EventType "swiss"]
[EventRounds "9"]
[EventCountry "ESP"]
[SourceTitle "Ajedrez en Madrid"]
[Source "lmi"]
[SourceDate "2020.07.18"]
[SourceVersion "1"]
[SourceVersionDate "2020.09.10"]
[SourceQuality "1"]

1. d4 Nf6 2. Nf3 d5 3. c4 e6 4. Nc3 dxc4 5. e3 a6 6. Bxc4 b5 7. Bd3 Bb7 8. a3
c5 9. O-O Nbd7 10. Qe2 Be7 11. Bc2 O-O 12. Rd1 Qc7 13. e4 cxd4 14. Nxd4 Rfd8
15. g3 Bc5 16. Be3 Ne5 17. Nb3 Bxe3 18. Qxe3 Rxd1+ 19. Rxd1 Rd8 20. Qc5 Rxd1+
21. Bxd1 Qxc5 22. Nxc5 Bc8 23. Be2 Nfd7 24. Nb3 Nb6 25. Na5 Bd7 26. f4 Nc6 27.
Nb7 Nd4 28. Nc5 Bc8 29. Bd3 Nd7 30. Nxd7 Bxd7 31. e5 Kf8 32. Kf2 Ke7 33. Ke3
Nc6 34. b4 h6 35. Be4 Kd8 36. Bxc6 Bxc6 37. Kd4 Kd7 38. Kc5 Kc7 39. Ne2 Be8 40.
Nd4 Bd7 41. g4 Be8 42. h4 Bd7 43. f5 exf5 44. gxf5 g5 45. hxg5 hxg5 46. Kd5 Bc8
47. Ke4 Bb7+ 48. Ke3 Kd7 49. Kf2 f6 50. exf6 Ke8 51. Ne6 Kf7 52. Nd8+ Kxf6 53.
Nxb7 Kxf5 54. Nc5 Ke5 55. Nxa6 Kd4 56. Nc5 Kc3 57. Kg3 1-0

[Event "Madrid ch 2019-2020"]
[Site "Madrid ESP"]
[Date "2020.07.18"]
[Round "1.6"]
[White "Pablos Tenrero, Raquel"]
[Black "Aranda Marin, Cristian"]
[Result "0-1"]
[WhiteElo "2042"]
[BlackElo "2353"]
[PlyCount "98"]
[EventDate "2020.07.18"]
[EventType "swiss"]
[EventRounds "9"]
[EventCountry "ESP"]
[SourceTitle "Ajedrez en Madrid"]
[Source "lmi"]
[SourceDate "2020.07.18"]
[SourceVersion "1"]
[SourceVersionDate "2020.09.10"]
[SourceQuality "1"]

1. d4 Nf6 2. Nc3 d5 3. Bf4 a6 4. e3 e6 5. Bd3 c5 6. dxc5 Bxc5 7. Nf3 b5 8. O-O
Bb7 9. Qe2 Nbd7 10. Ne5 Nxe5 11. Bxe5 b4 12. Nb1 Bd6 13. Bxd6 Qxd6 14. Nd2 O-O
15. a3 a5 16. axb4 axb4 17. e4 Rxa1 18. Rxa1 dxe4 19. Nxe4 Bxe4 20. Bxe4 Qd4
21. Bd3 Qxb2 22. Qe1 Qd4 23. Rb1 Rb8 24. Rb3 Nd5 25. Qe4 Qxe4 26. Bxe4 Nc3 27.
Bd3 Kf8 28. h4 h6 29. f3 Ke7 30. Kf2 Kd6 31. Ke3 Kc5 32. Kf4 Kd4 33. g4 e5+ 34.
Kg3 g5 35. Bf5 Kd5 36. Kh3 Ra8 37. hxg5 hxg5 38. Kg3 Ra3 39. Rb2 Ra1 40. Bd3
Rd1 41. Bf5 Rd2 42. Bd3 f6 43. Kh3 Rd1 44. Kg3 Rg1+ 45. Kh2 Rb1 46. Rxb1 Nxb1
47. Kg2 Kd4 48. Kf2 b3 49. Ke2 Nc3+ 0-1

[Event "Madrid ch 2019-2020"]
[Site "Madrid ESP"]
[Date "2020.07.18"]
[Round "1.8"]
[White "Rodriguez Diaz, Alberto Jose"]
[Black "Renteria, Jorge"]
[Result "0-1"]
[WhiteElo "1918"]
[BlackElo "2308"]
[PlyCount "64"]
[EventDate "2020.07.18"]
[EventType "swiss"]
[EventRounds "9"]
[EventCountry "ESP"]
[SourceTitle "Ajedrez en Madrid"]
[Source "lmi"]
[SourceDate "2020.07.18"]
[SourceVersion "1"]
[SourceVersionDate "2020.09.10"]
[SourceQuality "1"]

1. f4 g6 2. g3 Bg7 3. Bg2 c5 4. Nf3 Nf6 5. d3 d5 6. O-O d4 7. Nbd2 O-O 8. e4
dxe3 9. Nc4 Nd5 10. Qe2 Nc6 11. c3 Bf5 12. Rd1 Bxc3 13. Nxe3 Nxe3 14. Bxe3 Nd4
15. Qf2 Nxf3+ 16. Bxf3 Bd4 17. Bxd4 cxd4 18. Bxb7 Rb8 19. Be4 Bg4 20. Rdc1 Qb6
21. Rc2 Rfc8 22. Rac1 Rxc2 23. Rxc2 Be6 24. b3 Rc8 25. Rxc8+ Bxc8 26. Qc2 Be6
27. Kf2 Kg7 28. Bc6 a5 29. Ke2 h5 30. Kd1 Qb4 31. Qb2 Bg4+ 32. Kc1 Qe1+ 0-1

[Event "Madrid ch 2019-2020"]
[Site "Madrid ESP"]
[Date "2020.07.18"]
[Round "1.9"]
[White "Gago Padreny, Ignacio"]
[Black "Vukotic Jovsic, Dragan"]
[Result "1-0"]
[WhiteElo "2289"]
[BlackElo "1905"]
[PlyCount "55"]
[EventDate "2020.07.18"]
[EventType "swiss"]
[EventRounds "9"]
[EventCountry "ESP"]
[SourceTitle "Ajedrez en Madrid"]
[Source "lmi"]
[SourceDate "2020.07.18"]
[SourceVersion "1"]
[SourceVersionDate "2020.09.10"]
[SourceQuality "1"]

1. d4 Nf6 2. c4 d5 3. Nc3 e6 4. cxd5 exd5 5. Bg5 Be7 6. e3 O-O 7. Bd3 c6 8.
Nge2 Ne4 9. Bf4 Bf5 10. O-O Bd6 11. Rb1 Na6 12. f3 Nxc3 13. bxc3 Bxd3 14. Qxd3
Rb8 15. e4 Bxf4 16. Nxf4 Nc7 17. Ne2 b5 18. Ng3 Rb6 19. e5 Ra6 20. Rb2 Ra3 21.
f4 a5 22. Qc2 f6 23. Rbb1 fxe5 24. fxe5 Rxf1+ 25. Rxf1 b4 26. Qf5 Qe7 27. Qc8+
Ne8 28. Nf5 1-0

[Event "Madrid ch 2019-2020"]
[Site "Madrid ESP"]
[Date "2020.07.18"]
[Round "1.10"]
[White "Andrade Sandoval, Bianca"]
[Black "Reyes Peñas, Sebastian"]
[Result "1/2-1/2"]
[WhiteElo "1900"]
[BlackElo "2272"]
[PlyCount "53"]
[EventDate "2020.07.18"]
[EventType "swiss"]
[EventRounds "9"]
[EventCountry "ESP"]
[SourceTitle "Ajedrez en Madrid"]
[Source "lmi"]
[SourceDate "2020.07.18"]
[SourceVersion "1"]
[SourceVersionDate "2020.09.10"]
[SourceQuality "1"]

1. d4 Nf6 2. Bf4 e6 3. Nf3 c5 4. e3 b6 5. Nbd2 Bb7 6. c3 Be7 7. h3 O-O 8. Bd3
cxd4 9. cxd4 Nc6 10. a3 d5 11. O-O a6 12. Rc1 Nd7 13. b4 b5 14. Nb3 Nb6 15. Nc5
Bxc5 16. dxc5 Nc4 17. Ng5 h6 18. Nh7 Re8 19. Qh5 e5 20. Bxh6 gxh6 21. Qxh6 Re6
22. Nf6+ Rxf6 23. Bh7+ Kh8 24. Bg6+ Kg8 25. Bh7+ Kh8 26. Bg6+ Kg8 27. Bh7+
1/2-1/2

[Event "Madrid ch 2019-2020"]
[Site "Madrid ESP"]
[Date "2020.07.18"]
[Round "1.11"]
[White "Solaesa Navalpotro, Luis Julio"]
[Black "Moreno Uribarri, Miguel"]
[Result "1/2-1/2"]
[WhiteElo "2240"]
[BlackElo "1881"]
[PlyCount "100"]
[EventDate "2020.07.18"]
[EventType "swiss"]
[EventRounds "9"]
[EventCountry "ESP"]
[SourceTitle "Ajedrez en Madrid"]
[Source "lmi"]
[SourceDate "2020.07.18"]
[SourceVersion "1"]
[SourceVersionDate "2020.09.10"]
[SourceQuality "1"]

1. Nf3 Nf6 2. c4 g6 3. Nc3 Bg7 4. d4 d5 5. e3 O-O 6. Qb3 e6 7. Be2 c5 8. dxc5
Na6 9. Qa3 Qc7 10. cxd5 Nxc5 11. dxe6 Bxe6 12. Nb5 Qb6 13. Nbd4 Nfe4 14. Nd2
Rfd8 15. b4 Na6 16. Nxe4 Rxd4 17. exd4 Qxd4 18. Bb2 Qxe4 19. Bxg7 Bc4 20. O-O
Bxe2 21. Rfc1 Kxg7 22. Qb2+ Kf8 23. Re1 Re8 24. a3 Nc7 25. Ra2 Qd5 26. Qc2 Bc4
27. Raa1 Rxe1+ 28. Rxe1 Ne6 29. Qc3 Bb5 30. Qc8+ Kg7 31. Qc3+ Qd4 32. Qc2 Bc6
33. Rd1 Qe5 34. Qd2 Nf4 35. f3 Qg5 36. Kh1 h5 37. Qf2 h4 38. h3 Qf5 39. Rf1 Qg5
40. Rd1 a6 41. Rd4 Qf6 42. Kh2 Qe5 43. Kh1 g5 44. Rd2 Qa1+ 45. Kh2 Ne6 46. Qe3
Qf6 47. Kh1 Qf4 48. Qc3+ Qf6 49. Qe3 Qf4 50. Qc3+ Qf6 1/2-1/2

[Event "Madrid ch 2019-2020"]
[Site "Madrid ESP"]
[Date "2020.07.18"]
[Round "1.12"]
[White "Corral Aragon, Juan Maria"]
[Black "Longa Yauca, Javier"]
[Result "0-1"]
[WhiteElo "1813"]
[BlackElo "2221"]
[PlyCount "98"]
[EventDate "2020.07.18"]
[EventType "swiss"]
[EventRounds "9"]
[EventCountry "ESP"]
[SourceTitle "Ajedrez en Madrid"]
[Source "lmi"]
[SourceDate "2020.07.18"]
[SourceVersion "1"]
[SourceVersionDate "2020.09.10"]
[SourceQuality "1"]

1. e4 e5 2. Nf3 Nc6 3. Bb5 Nf6 4. O-O d6 5. d4 exd4 6. Nxd4 Bd7 7. Bg5 Be7 8.
Nf5 Bxf5 9. exf5 O-O 10. Re1 Ne5 11. f4 Ned7 12. Kh1 c6 13. Bf1 d5 14. Nc3 h6
15. Bh4 Bb4 16. a3 Bxc3 17. bxc3 Qc7 18. Qf3 Rfe8 19. Bd3 Qd6 20. g4 Rxe1+ 21.
Rxe1 Re8 22. Rxe8+ Nxe8 23. Qe3 Kf8 24. Qxa7 Qxf4 25. Qd4 Qc1+ 26. Kg2 Qxa3 27.
c4 Ndf6 28. g5 hxg5 29. Bxg5 Qb4 30. Be3 Kg8 31. cxd5 Nxd5 32. Qxb4 Nxb4 33.
Kf3 Nf6 34. Bd4 Nxd3 35. cxd3 Nd5 36. Bc5 b6 37. Bd6 Kh7 38. Be5 f6 39. Bd6 Kh6
40. Kg4 g5 41. Bf8+ Kh7 42. Kf3 b5 43. Ke4 b4 44. d4 g4 45. Kd3 b3 46. Ba3 Kh6
47. Bc1+ Kh5 48. Kc4 Kh4 49. Kc5 Ne7 0-1

[Event "Madrid ch 2019-2020"]
[Site "Madrid ESP"]
[Date "2020.07.18"]
[Round "1.13"]
[White "Martinez Fernandez, Raul"]
[Black "Giron Herranz, Juan"]
[Result "1-0"]
[WhiteElo "2220"]
[BlackElo "1811"]
[PlyCount "117"]
[EventDate "2020.07.18"]
[EventType "swiss"]
[EventRounds "9"]
[EventCountry "ESP"]
[SourceTitle "Ajedrez en Madrid"]
[Source "lmi"]
[SourceDate "2020.07.18"]
[SourceVersion "1"]
[SourceVersionDate "2020.09.10"]
[SourceQuality "1"]

1. d4 d5 2. c4 e6 3. Nc3 Nf6 4. cxd5 exd5 5. Bg5 Be7 6. e3 O-O 7. Bd3 h6 8. Bh4
c6 9. Nge2 Nbd7 10. O-O Ne4 11. Bxe7 Qxe7 12. Bxe4 dxe4 13. d5 cxd5 14. Nxd5
Qe5 15. Rc1 Nf6 16. Nxf6+ Qxf6 17. Qd4 Qxd4 18. Nxd4 b6 19. Rc7 Ba6 20. Rfc1
Rfc8 21. Rxc8+ Rxc8 22. Rxc8+ Bxc8 23. Kf1 Kf8 24. Ke2 Ke7 25. Kd2 Kd6 26. Kc3
a6 27. b4 g6 28. Kc4 Bd7 29. a3 Be8 30. Kb3 Kd5 31. Ne2 Ke5 32. Nc3 Bd7 33. a4
Be6+ 34. Ka3 Bc4 35. a5 b5 36. Kb2 Bf1 37. g3 Bc4 38. Kc2 f5 39. Kd2 g5 40. Kc1
Bd3 41. h3 Bf1 42. Kd2 Bxh3 43. Nxb5 Bf1 44. Nd4 Bc4 45. Kc3 Bd5 46. b5 axb5
47. Kb4 h5 48. Ne2 Kd6 49. Kxb5 Kc7 50. Kc5 Bb7 51. Nd4 h4 52. Ne6+ Kb8 53.
Nxg5 hxg3 54. fxg3 Kc7 55. Nf7 Bc8 56. Nd6 Bd7 57. a6 Kb8 58. Nb5 Bc8 59. Kb6
1-0

[Event "Madrid ch 2019-2020"]
[Site "Madrid ESP"]
[Date "2020.07.18"]
[Round "1.14"]
[White "Viñas Blasco, Jorge"]
[Black "Mkrtchyan, Levon"]
[Result "0-1"]
[WhiteElo "1781"]
[BlackElo "2215"]
[PlyCount "66"]
[EventDate "2020.07.18"]
[EventType "swiss"]
[EventRounds "9"]
[EventCountry "ESP"]
[SourceTitle "Ajedrez en Madrid"]
[Source "lmi"]
[SourceDate "2020.07.18"]
[SourceVersion "1"]
[SourceVersionDate "2020.09.10"]
[SourceQuality "1"]

1. d4 d5 2. c4 e6 3. Nf3 Nf6 4. Bg5 Be7 5. e3 h6 6. Bh4 O-O 7. Nc3 b6 8. Rc1
Bb7 9. Bxf6 Bxf6 10. cxd5 exd5 11. Bd3 Nd7 12. Bf5 c5 13. Bxd7 Qxd7 14. O-O c4
15. a4 a6 16. Re1 b5 17. b4 a5 18. Rb1 Qe7 19. Na2 axb4 20. Rxb4 Bc6 21. Qc2
Rxa4 22. Rxa4 bxa4 23. Nc3 a3 24. Nd2 Rb8 25. Rb1 Qa7 26. Qa2 Rxb1+ 27. Ncxb1
Be7 28. Nf3 Qb6 29. Nfd2 Qb2 30. Qxb2 axb2 31. Nc3 Bb4 32. Ndb1 Bxc3 33. Nxc3
Ba4 0-1

[Event "Madrid ch 2019-2020"]
[Site "Madrid ESP"]
[Date "2020.07.18"]
[Round "1.15"]
[White "Khudov, Oleksandr"]
[Black "Cujba, Anca-Claudia"]
[Result "1-0"]
[WhiteElo "2207"]
[BlackElo "1673"]
[PlyCount "97"]
[EventDate "2020.07.18"]
[EventType "swiss"]
[EventRounds "9"]
[EventCountry "ESP"]
[SourceTitle "Ajedrez en Madrid"]
[Source "lmi"]
[SourceDate "2020.07.18"]
[SourceVersion "1"]
[SourceVersionDate "2020.09.10"]
[SourceQuality "1"]

1. d4 Nf6 2. Bf4 g6 3. e3 Bg7 4. Nf3 d6 5. h3 b6 6. Be2 Bb7 7. O-O O-O 8. c3
Nbd7 9. Nbd2 e6 10. a4 a5 11. Nc4 Qe7 12. Bh2 Ne4 13. Qc2 h5 14. Rfd1 Ng5 15.
Nxg5 Qxg5 16. Bf1 h4 17. b4 Nf6 18. bxa5 bxa5 19. Bf4 Qd5 20. Nd2 Nh7 21. e4
Qh5 22. Be3 g5 23. f3 Bc6 24. Bd3 Rfb8 25. Rdb1 Nf8 26. Rxb8 Rxb8 27. Nc4 Ba8
28. Nxa5 g4 29. Nc4 gxh3 30. gxh3 Qxf3 31. Qg2 Qxg2+ 32. Kxg2 f5 33. Nd2 Rb2
34. Kf3 Ng6 35. Rb1 fxe4+ 36. Nxe4 Rxb1 37. Bxb1 e5 38. a5 Kf8 39. d5 Bb7 40.
Kg4 Ke7 41. Kh5 Kf7 42. Ng5+ Kf6 43. Ne6 c5 44. Bg5+ Kf7 45. Nd8+ Kf8 46. Kxg6
Bh8 47. Nxb7 e4 48. Nxd6 Bxc3 49. Nxe4 1-0

[Event "Madrid ch 2019-2020"]
[Site "Madrid ESP"]
[Date "2020.07.18"]
[Round "1.16"]
[White "Alises Fontecha, Juan"]
[Black "Beltran De Heredia E., Miguel"]
[Result "0-1"]
[WhiteElo "1671"]
[BlackElo "2178"]
[PlyCount "86"]
[EventDate "2020.07.18"]
[EventType "swiss"]
[EventRounds "9"]
[EventCountry "ESP"]
[SourceTitle "Ajedrez en Madrid"]
[Source "lmi"]
[SourceDate "2020.07.18"]
[SourceVersion "1"]
[SourceVersionDate "2020.09.10"]
[SourceQuality "1"]

1. e4 c5 2. c3 d5 3. exd5 Qxd5 4. d4 Nf6 5. Nf3 e6 6. Be2 Nc6 7. O-O cxd4 8.
cxd4 Be7 9. Nc3 Qd6 10. Bg5 O-O 11. Qd2 Nd5 12. Bd3 Bxg5 13. Qxg5 h6 14. Qh4
Qf4 15. Nxd5 Qxh4 16. Nxh4 exd5 17. Nf3 Be6 18. Rac1 Rac8 19. Rfd1 Bg4 20. Be2
Bxf3 21. Bxf3 Nxd4 22. Rxc8 Nxf3+ 23. gxf3 Rxc8 24. Rxd5 Rc2 25. Rb5 b6 26. a4
Kf8 27. a5 Rc5 28. Rxc5 bxc5 29. Kf1 Ke7 30. Ke2 Kd6 31. Kd3 Kd5 32. b3 a6 33.
f4 Kc6 34. Kc4 g6 35. h3 h5 36. h4 f6 37. f5 g5 38. hxg5 fxg5 39. f6 Kd6 40. f7
Ke7 41. f8=Q+ Kxf8 42. Kd5 h4 43. Ke4 Ke7 0-1

[Event "Madrid ch 2019-2020"]
[Site "Madrid ESP"]
[Date "2020.07.19"]
[Round "2.1"]
[White "Moreno Ruiz, Javier"]
[Black "Gago Padreny, Ignacio"]
[Result "1/2-1/2"]
[WhiteElo "2436"]
[BlackElo "2289"]
[PlyCount "120"]
[EventDate "2020.07.18"]
[EventType "swiss"]
[EventRounds "9"]
[EventCountry "ESP"]
[SourceTitle "Ajedrez en Madrid"]
[Source "lmi"]
[SourceDate "2020.07.18"]
[SourceVersion "1"]
[SourceVersionDate "2020.09.10"]
[SourceQuality "1"]

1. e4 c6 2. d4 d5 3. exd5 cxd5 4. Bd3 Nc6 5. c3 Nf6 6. h3 g6 7. Nf3 Bf5 8. Be2
Bg7 9. Bf4 O-O 10. O-O Ne4 11. Nbd2 f6 12. Bh2 e5 13. Nb3 Kh8 14. Ne1 Qb6 15.
Kh1 Rad8 16. f3 Nd6 17. g4 Be6 18. Bg1 e4 19. Nc5 Bf7 20. Qb3 Qxb3 21. axb3 a5
22. Bh2 b6 23. Na4 exf3 24. Nxf3 Rfe8 25. Rae1 Ne4 26. Nxb6 Rb8 27. Bxb8 Rxb8
28. Na4 Ng3+ 29. Kg2 Nxf1 30. Bd1 Bf8 31. Rxf1 Kg7 32. Ne1 Bd6 33. Nd3 Ne7 34.
Nac5 f5 35. Nd7 Rb5 36. N7e5 Be6 37. Bc2 fxg4 38. hxg4 Ng8 39. Nf4 Bc8 40. g5
Ne7 41. Ned3 Bf5 42. Bd1 Be4+ 43. Kg1 Nf5 44. Ne6+ Kg8 45. Ndc5 Bg3 46. Be2 Rb6
47. Ra1 Kf7 48. Nxe4 dxe4 49. Nc5 Bf4 50. Bc4+ Ke7 51. Nxe4 Nd6 52. Nxd6 Kxd6
53. Rxa5 Bc1 54. Re5 Kc6 55. Rc5+ Kd6 56. Bg8 Bxb2 57. b4 Rc6 58. Bxh7 Bxc3 59.
Rxc6+ Kxc6 60. Bxg6 Bxd4+ 1/2-1/2

[Event "Madrid ch 2019-2020"]
[Site "Madrid ESP"]
[Date "2020.07.19"]
[Round "2.2"]
[White "Martinez Reyes, Pedro Ramon"]
[Black "Longa Yauca, Javier"]
[Result "1-0"]
[WhiteElo "2416"]
[BlackElo "2221"]
[PlyCount "107"]
[EventDate "2020.07.18"]
[EventType "swiss"]
[EventRounds "9"]
[EventCountry "ESP"]
[SourceTitle "Ajedrez en Madrid"]
[Source "lmi"]
[SourceDate "2020.07.18"]
[SourceVersion "1"]
[SourceVersionDate "2020.09.10"]
[SourceQuality "1"]

1. Nf3 d5 2. g3 Nf6 3. Bg2 Nbd7 4. d4 c6 5. O-O g6 6. c4 dxc4 7. Na3 Nb6 8. Ne5
Be6 9. e4 Bg7 10. Be3 Nfd7 11. Nf3 h6 12. Qd2 Qc7 13. Bf4 Qc8 14. Rac1 g5 15.
Be3 Nf6 16. Ne5 Qc7 17. Naxc4 Nxc4 18. Nxc4 Rd8 19. Qa5 Qxa5 20. Nxa5 Bc8 21.
d5 cxd5 22. exd5 O-O 23. Bxa7 Nxd5 24. Rxc8 Rxc8 25. Bxd5 Ra8 26. Bb6 Ra6 27.
Nc4 Rxa2 28. b3 Rb8 29. Rd1 e6 30. Bf3 Ra1 31. Rxa1 Bxa1 32. Bc7 Ra8 33. Bb6
Bc3 34. Be4 Ra1+ 35. Kg2 Kg7 36. Nd6 Ra3 37. Bc2 Ra2 38. Be4 Rb2 39. Nxb7 Rxb3
40. Be3 Rb4 41. Nc5 e5 42. Bf5 Bd4 43. Nd3 Ra4 44. Bxd4 Rxd4 45. Nc5 Rc4 46.
Ne4 Rd4 47. g4 h5 48. gxh5 Kh6 49. Ng3 Rb4 50. h3 f6 51. Bg6 Kg7 52. Nf5+ Kh8
53. h6 g4 54. Nd6 1-0

[Event "Madrid ch 2019-2020"]
[Site "Madrid ESP"]
[Date "2020.07.19"]
[Round "2.3"]
[White "Mkrtchyan, Levon"]
[Black "Quispe Arteaga, Gabriel"]
[Result "1-0"]
[WhiteElo "2215"]
[BlackElo "2397"]
[PlyCount "81"]
[EventDate "2020.07.18"]
[EventType "swiss"]
[EventRounds "9"]
[EventCountry "ESP"]
[SourceTitle "Ajedrez en Madrid"]
[Source "lmi"]
[SourceDate "2020.07.18"]
[SourceVersion "1"]
[SourceVersionDate "2020.09.10"]
[SourceQuality "1"]

1. e4 c5 2. Nf3 e6 3. d4 cxd4 4. Nxd4 Nc6 5. Nc3 Qc7 6. g3 a6 7. Bg2 h5 8. h4
Nf6 9. O-O Bc5 10. Nxc6 dxc6 11. Qd3 Ng4 12. Nd1 O-O 13. Ne3 e5 14. f3 Nxe3 15.
Bxe3 Qb6 16. Bxc5 Qxc5+ 17. Kh2 Be6 18. Rfd1 a5 19. a3 Kh7 20. Qd6 Qxd6 21.
Rxd6 Rae8 22. Bh3 Bxh3 23. Kxh3 f5 24. Kg2 f4 25. Rad1 fxg3 26. Kxg3 Rf4 27.
Rd8 Rxd8 28. Rxd8 g5 29. hxg5 h4+ 30. Kf2 Kg6 31. Rg8+ Kf7 32. Ra8 Kg6 33. Rxa5
h3 34. Kg3 h2 35. Kxh2 Rxf3 36. Rxe5 Rf2+ 37. Kg3 Rxc2 38. b4 Ra2 39. Kf4 Rxa3
40. Re6+ Kf7 41. Kf5 1-0

[Event "Madrid ch 2019-2020"]
[Site "Madrid ESP"]
[Date "2020.07.19"]
[Round "2.4"]
[White "Aranda Marin, Cristian"]
[Black "Martinez Fernandez, Raul"]
[Result "1/2-1/2"]
[WhiteElo "2353"]
[BlackElo "2220"]
[PlyCount "94"]
[EventDate "2020.07.18"]
[EventType "swiss"]
[EventRounds "9"]
[EventCountry "ESP"]
[SourceTitle "Ajedrez en Madrid"]
[Source "lmi"]
[SourceDate "2020.07.18"]
[SourceVersion "1"]
[SourceVersionDate "2020.09.10"]
[SourceQuality "1"]

1. Nf3 d5 2. b3 c5 3. e3 g6 4. Bb2 Nf6 5. c4 Bg7 6. cxd5 O-O 7. Bxf6 exf6 8.
Nc3 f5 9. Rc1 b6 10. Bc4 Bb7 11. O-O Na6 12. d4 Rc8 13. Qd2 cxd4 14. Nxd4 Nc7
15. Nde2 Qd6 16. a4 Rfd8 17. Rfd1 Rd7 18. h4 Rcd8 19. Nf4 Bh6 20. Nb5 Nxb5 21.
Bxb5 Re7 22. Bc6 Bxf4 23. exf4 Bxc6 24. Rxc6 Qxc6 25. dxc6 Rxd2 26. Rxd2 Rc7
27. Rd7 Rxc6 28. Rxa7 Rc1+ 29. Kh2 Rb1 30. Rb7 Rxb3 31. a5 b5 32. h5 gxh5 33.
a6 Kg7 34. a7 Ra3 35. Rxb5 Rxa7 36. Rxf5 Kg6 37. Rg5+ Kh6 38. Kh3 Ra1 39. Kh4
Rh1+ 40. Kg3 Ra1 41. f3 Ra4 42. Rg8 Ra6 43. f5 Ra4 44. Kh2 Rf4 45. g4 hxg4 46.
fxg4 f6 47. Kg3 Rf3+ 1/2-1/2